| Tag |
First Indicator |
Second Indicator |
Subfields |
| LEADER |
00000cam a22000007i 4500 |
| 001 |
in00004635241 |
| 006 |
m o d |
| 007 |
cr ||||||||||| |
| 008 |
200914s2020 ag a ob 000 0 spa d |
| 005 |
20230103223424.2 |
| 035 |
|
|
|a (OCoLC)on1196142643
|
| 040 |
|
|
|a ARFGC
|b eng
|e rda
|c ARFGC
|d JSTOR
|d GZM
|d OCLCF
|d OCLCO
|
| 020 |
|
|
|a 9789874753731
|q (electronic bk.)
|
| 020 |
|
|
|a 9874753730
|q (electronic bk.)
|
| 035 |
|
|
|a (OCoLC)1196142643
|
| 037 |
|
|
|a 22573/ctv252t0jp
|b JSTOR
|
| 050 |
|
4 |
|a JL960
|
| 082 |
0 |
4 |
|a 320.98
|2 23
|
| 049 |
|
|
|a TXAM
|
| 245 |
0 |
0 |
|a Intelectuales, democracia y derechas /
|c Alfredo Falero, Charles Quevedo y Lorena Soler (coords.).
|
| 264 |
|
1 |
|a [Buenos Aires?] :
|b Editorial El Colectivo :
|b Base, Investigaciones Sociales :
|b IEALC, Instituto de Estudios de América Latina y el Caribe :
|b CLACSO,
|c 2020.
|
| 300 |
|
|
|a 1 online resource (307 pages) :
|b illustrations (some color).
|
| 336 |
|
|
|a text
|b txt
|2 rdacontent
|
| 337 |
|
|
|a computer
|b c
|2 rdamedia
|
| 338 |
|
|
|a online resource
|b cr
|2 rdacarrier
|
| 490 |
0 |
|
|a Colección Grupos de trabajo
|
| 490 |
0 |
|
|a Serie Políticas educativas y científicas
|
| 588 |
|
|
|a Description based on online resource; title from PDF title page (viewed on December 21, 2021).
|
| 650 |
|
0 |
|a Democracy
|z Latin America.
|
| 651 |
|
0 |
|a Latin America
|x Intellectual life.
|
| 651 |
|
0 |
|a Latin America
|x Social conditions.
|
| 651 |
|
6 |
|a Amérique latine
|x Vie intellectuelle.
|
| 651 |
|
6 |
|a Amérique latine
|x Conditions sociales.
|
| 650 |
|
7 |
|a Democracy.
|2 fast
|0 (OCoLC)fst00890077
|
| 650 |
|
7 |
|a Intellectual life.
|2 fast
|0 (OCoLC)fst00975769
|
| 650 |
|
7 |
|a Social conditions.
|2 fast
|0 (OCoLC)fst01919811
|
| 651 |
|
7 |
|a Latin America.
|2 fast
|0 (OCoLC)fst01245945
|
| 655 |
|
7 |
|a Electronic books.
|2 local
|
| 700 |
1 |
|
|a Falero, Alfredo,
|e editor.
|
| 700 |
1 |
|
|a Quevedo, Charles,
|e editor.
|
| 700 |
1 |
|
|a Soler, Lorena,
|e editor.
|
| 710 |
2 |
|
|a JSTOR (Organization)
|
| 710 |
1 |
|
|a Grupo de Trabajo Intelectuales y Política.
|
| 830 |
|
0 |
|a Colección Grupos de trabajo de CLACSO.
|
| 856 |
4 |
0 |
|u https://www.jstor.org/stable/10.2307/j.ctv253f4g2
|z Connect to the full text of this electronic book
|t 0
|
| 955 |
|
|
|a JSTOR Open Access ebooks
|
| 994 |
|
|
|a 92
|b TXA
|
| 999 |
f |
f |
|s 1697e4a9-a574-45c9-b103-b63b23696a6b
|i 4327c278-c25c-471b-a0b3-58e4952e0f14
|t 0
|
| 952 |
f |
f |
|a Texas A&M University
|b College Station
|c Electronic Resources
|d Available Online
|t 0
|e JL960
|h Library of Congress classification
|
| 998 |
f |
f |
|a JL960
|t 0
|l Available Online
|